000 00559nam a2200181Ia 4500
008 090123s9999 xx 000 0 und d
082 _b4526
100 _aकीर गिरिजा उमाकांत
245 _aदेवखुणा
250 _a1
260 _bकुलकर्णी अ.अ.
_c1976
300 _a124
600 _aकीर गिरिजा उमाकांत
630 _aदेवखुणा
700 _aकीर गिरिजा उमाकांत
730 _aदेवखुणा
942 _cBOOK
999 _c42601
_d42601